[Event "AUTO-OPEN-1563"]
[Site "http://www.queenalice.com/game.php?id=591959"]
[Date "2009.5.22"]
[Round "1"]
[White "tadnel"]
[Black "vice_Kiko"]
[Result "0-1"]
[WhiteElo "1420"]
[BlackElo "2069"]

1. e4 d5 2. exd5 Qxd5 3. Nc3 Qa5 4. Nf3 Bg4 5. h3 Bh5 6. d4 e6 7. Bd2 c6 8. Be2
Nd7 9. Ne4 Qb6 10. Bc3 Ngf6 11. Ng3 Bg6 12. Qd2 a5 13. Nh4 Bd6 14. Nxg6 hxg6 15.
b3 Bxg3 0-1

[Event "AUTO-OPEN-1563"]
[Site "http://www.queenalice.com/game.php?id=591960"]
[Date "2009.5.22"]
[Round "1"]
[White "vice_Kiko"]
[Black "tadnel"]
[Result "1-0"]
[WhiteElo "2067"]
[BlackElo "1420"]

1. e4 e5 2. Nf3 Nc6 3. d4 exd4 4. Nxd4 Bc5 5. c3 Qh4 6. Qd3 Nge7 7. Be3 Bb6 8.
Nd2 Ne5 9. Qc2 Ng4 10. g3 Nxe3 11. fxe3 Qh6 12. Qd3 Nc6 13. N2f3 d6 14. Bg2 Bg4
15. O-O 1-0

[Event "AUTO-OPEN-1564"]
[Site "http://www.queenalice.com/game.php?id=592357"]
[Date "2009.5.22"]
[Round "1"]
[White "QSL"]
[Black "tadnel"]
[Result "1-0"]
[WhiteElo "1508"]
[BlackElo "1555"]

1. Nf3 Nc6 2. Nc3 Nf6 3. d4 d5 4. Bf4 e6 5. Ne5 Nh5 6. Nxf7 Kxf7 7. g4 Nxf4 8.
e3 Ng6 9. Qf3+ Qf6 10. Qxf6+ gxf6 11. h4 Bh6 12. h5 1-0

[Event "AUTO-OPEN-1564"]
[Site "http://www.queenalice.com/game.php?id=592383"]
[Date "2009.5.22"]
[Round "1"]
[White "tadnel"]
[Black "andre2006"]
[Result "0-1"]
[WhiteElo "1503"]
[BlackElo "1687"]

1. e4 c5 2. Nf3 e6 3. c3 d5 4. e5 Nc6 5. d4 cxd4 6. cxd4 Bb4+ 7. Nc3 Nge7 8. Bg5
Qa5 9. Qd2 Nf5 10. Be2 O-O 11. Be3 f6 12. O-O Nxe3 13. fxe3 fxe5 0-1

[Event "AUTO-OPEN-1564"]
[Site "http://www.queenalice.com/game.php?id=592384"]
[Date "2009.5.22"]
[Round "1"]
[White "andre2006"]
[Black "tadnel"]
[Result "1-0"]
[WhiteElo "1677"]
[BlackElo "1520"]

1. e4 e5 2. Nf3 Nc6 3. Bb5 d6 4. d4 Bd7 5. Nc3 exd4 6. Nxd4 a6 7. Bc4 Ne5 8. Bb3
Nf6 9. Bg5 Be7 10. O-O h6 11. Bf4 Ng6 12. Bg3 Bg4 13. f3 1-0

[Event "AUTO-OPEN-1564"]
[Site "http://www.queenalice.com/game.php?id=592385"]
[Date "2009.5.22"]
[Round "1"]
[White "tadnel"]
[Black "jck2"]
[Result "0-1"]
[WhiteElo "1388"]
[BlackElo "1626"]

1. e4 c6 2. d4 d5 3. e5 Bf5 4. Nf3 e6 5. a3 c5 6. c4 Nc6 7. cxd5 Qxd5 8. Nc3 Qd8
9. d5 exd5 10. Qxd5 Qxd5 11. Nxd5 Kd7 12. Ng5 f6 13. Nf7 Be6 14. Nxh8 Bxd5 15.
exf6 gxf6 16. Bd3 Bg7 17. Bxh7 Bxh8 18. Be3 c4 19. O-O-O Ke6 20. Rhe1 Ne5 0-1

[Event "AUTO-OPEN-1564"]
[Site "http://www.queenalice.com/game.php?id=592386"]
[Date "2009.5.22"]
[Round "1"]
[White "jck2"]
[Black "tadnel"]
[Result "1-0"]
[WhiteElo "1619"]
[BlackElo "1396"]

1. Nf3 Nc6 2. c4 Nf6 3. Nc3 g6 4. d4 d5 5. e3 a6 6. a3 Bg7 7. b4 b5 8. c5 Ne4 9.
Bb2 O-O 10. Bd3 f5 11. O-O e5 12. a4 bxa4 13. Nxa4 exd4 14. Nxd4 Nxb4 15. Bxe4
fxe4 16. c6 Qg5 17. Kh1 Nd3 18. Ba3 Nxf2+ 19. Rxf2 Rxf2 20. Qg1 Rf8 21. Bxf8
Bxf8 22. Nc3 1-0

[Event "AUTO-OPEN-1565"]
[Site "http://www.queenalice.com/game.php?id=592849"]
[Date "2009.5.24"]
[Round "1"]
[White "dorszu"]
[Black "tadnel"]
[Result "1-0"]
[WhiteElo "1618"]
[BlackElo "1464"]

1. d4 Nf6 2. c4 d6 3. Nc3 g6 4. Bg5 Bg7 5. Nf3 O-O 6. g3 Bg4 7. Bg2 h6 8. Bxf6
Bxf6 9. O-O Nc6 10. h3 Bxf3 11. exf3 Nxd4 12. f4 c6 13. Re1 Qb6 14. b3 Nxb3 15.
Rb1 Bxc3 16. Rxb3 Bxe1 17. Rxb6 Bxf2+ 18. Kxf2 axb6 19. Qa1 Ra3 20. Bf3 1-0

[Event "AUTO-OPEN-1565"]
[Site "http://www.queenalice.com/game.php?id=592850"]
[Date "2009.5.24"]
[Round "1"]
[White "tadnel"]
[Black "dorszu"]
[Result "0-1"]
[WhiteElo "1450"]
[BlackElo "1628"]

1. e4 e6 2. d4 d5 3. e5 Bb4+ 4. c3 Ba5 5. Qa4+ c6 6. Bd3 Ne7 7. Bg5 h6 8. Bh4
Bd7 9. Bxe7 Kxe7 10. Qa3+ Ke8 11. b4 Bc7 12. Nd2 Qe7 13. Nb3 f6 14. f4 Kf7 15.
Nc5 b6 16. Nxd7 Nxd7 17. Nh3 Rhf8 18. O-O a5 19. Rab1 axb4 0-1

[Event "AUTO-OPEN-1565"]
[Site "http://www.queenalice.com/game.php?id=592875"]
[Date "2009.5.24"]
[Round "1"]
[White "Dean20"]
[Black "tadnel"]
[Result "1-0"]
[WhiteElo "1561"]
[BlackElo "1370"]

1. d4 d5 2. Nf3 Nf6 3. Bf4 Nc6 4. e3 e6 5. Nbd2 Bd6 6. Bg5 h6 7. Bxf6 Qxf6 8.
Bb5 a6 9. Bxc6+ bxc6 10. Qe2 c5 11. c3 Bd7 12. Nb3 Bb5 13. Qd2 c4 14. Nc1 1-0

[Event "AUTO-OPEN-1565"]
[Site "http://www.queenalice.com/game.php?id=592876"]
[Date "2009.5.24"]
[Round "1"]
[White "tadnel"]
[Black "Dean20"]
[Result "0-1"]
[WhiteElo "1379"]
[BlackElo "1552"]

1. e4 e5 2. Nf3 Nc6 3. Bc4 Nf6 4. Ng5 d5 5. exd5 Nxd5 6. Nxf7 Kxf7 7. Qf3+ Qf6
8. Bxd5+ Be6 9. Bxc6 bxc6 10. Qxc6 Rc8 11. Nc3 Qg6 12. d3 Bd6 13. Be3 a5 0-1

[Event "AUTO-OPEN-1565"]
[Site "http://www.queenalice.com/game.php?id=592893"]
[Date "2009.5.24"]
[Round "1"]
[White "tadnel"]
[Black "spacey"]
[Result "0-1"]
[WhiteElo "1381"]
[BlackElo "1835"]

1. e4 e6 2. Nf3 d5 3. e5 c5 4. c3 Bd7 5. d4 Qb6 6. Be3 Qxb2 7. Nbd2 Qxc3 8. dxc5
Qa5 9. Be2 Bxc5 10. O-O Bxe3 11. fxe3 Qb6 12. Qb3 Qxb3 13. axb3 Ne7 14. e4 Nbc6
15. exd5 Nxd5 16. Nc4 O-O 17. Nd6 b6 18. Rfc1 Nce7 19. Ra3 Nc8 20. Nxc8 Raxc8
21. Rca1 a5 0-1

[Event "AUTO-OPEN-1565"]
[Site "http://www.queenalice.com/game.php?id=592894"]
[Date "2009.5.24"]
[Round "1"]
[White "spacey"]
[Black "tadnel"]
[Result "1-0"]
[WhiteElo "1833"]
[BlackElo "1381"]

1. e4 e5 2. f4 exf4 3. Nf3 d6 4. Bc4 Bg4 5. O-O Nc6 6. d3 Nd4 7. Bxf4 Nxf3+ 8.
gxf3 Bh3 9. Re1 Qf6 10. Bg3 Qg6 11. Qd2 h5 12. Kh1 h4 13. Bf4 Qh5 14. Qf2 g5 15.
Bd2 Bg7 16. Nc3 Nh6 17. Rg1 f6 18. Nd5 O-O-O 19. Be3 g4 20. Bxh6 Rxh6 21. Ne7+
Kb8 22. Nf5 1-0